Digital telephony (Record no. 3592)

000 -LEADER
fixed length control field 00571nam a2200217 a 4500
001 - CONTROL NUMBER
control field 3592
003 - CONTROL NUMBER IDENTIFIER
control field BD-DhUET
008 - FIXED-LENGTH DATA ELEMENTS--GENERAL INFORMATION
fixed length control field 900501s1991 nyua b 001 0 eng
020 ## - INTERNATIONAL STANDARD BOOK NUMBER
International Standard Book Number 0471620564
040 ## - CATALOGING SOURCE
Original cataloging agency DLC
Transcribing agency DLC
Modifying agency BD-DhUET
082 ## - DEWEY DECIMAL CLASSIFICATION NUMBER
Classification number 623.85
Item number BEL/1991
100 ## - MAIN ENTRY--PERSONAL NAME
Personal name Bellamy, John
245 10 - TITLE STATEMENT
Title Digital telephony
250 ## - EDITION STATEMENT
Edition statement 2nd ed.
260 ## - PUBLICATION, DISTRIBUTION, ETC. (IMPRINT)
Place of publication, distribution, etc. New York
Name of publisher, distributor, etc. John wiley & sons
Date of publication, distribution, etc. 1991
300 ## - PHYSICAL DESCRIPTION
Extent xix, 572 p.
Other physical details ill.
Dimensions 25 cm.
490 ## - SERIES STATEMENT
Series statement Wiley Series in telecommunications
504 ## - BIBLIOGRAPHY, ETC. NOTE
Bibliography, etc Includes bibliographies
650 #0 - SUBJECT ADDED ENTRY--TOPICAL TERM
Topical term or geographic name as entry element Digital telephony
942 ## - ADDED ENTRY ELEMENTS (KOHA)
Koha item type General Book
Holdings
Withdrawn status Koha full call number Lost status Koha item type Sublocation or collection (holding branch) Koha date last borrowed Not for loan Piece designation (barcode) Price effective from Damaged status Source of classification or shelving scheme Koha normalized classification for sorting Location (home branch) Koha issues (times borrowed) Shelving location Date acquired Copy number Koha date last seen
 623.85/BEL/1991 General BookCentral Library, BUET2015-10-10 836182014-11-02  623_000000000000000_85BEL1991Central Library, BUET2Circulation section2014-11-0212016-02-06
 623.85/BEL/1991 General BookCentral Library, BUET  836202014-11-02  623_000000000000000_85BEL1991Central Library, BUET Circulation section2014-11-0222017-08-26
 623.85/BEL/1991 General BookCentral Library, BUET  836232014-11-02  623_000000000000000_85BEL1991Central Library, BUET Circulation section2014-11-0232017-08-16
 623.85/BEL/1991 General BookCentral Library, BUET2023-03-07 863392014-11-02  623_850000000000000_BEL_1991Central Library, BUET2Circulation section2014-11-0242024-02-20
 623.85/BEL/1991 Reading ItemCentral Library, BUET  875942015-07-01  623_850000000000000_BEL_1991Central Library, BUET Reading section2015-07-0152015-07-01
 623.85 BEL/1991 Rental ItemCentral Library, BUET  835632024-12-09  623_850000000000000_BEL_1991Central Library, BUET Rental section1992-06-06ক-১2024-12-09
 623.85 BEL/1991 Rental ItemCentral Library, BUET  835642024-12-09  623_850000000000000_BEL_1991Central Library, BUET Rental section1992-06-06ক-২2024-12-09
 623.85 BEL/1991 Rental ItemCentral Library, BUET  835652024-12-09  623_850000000000000_BEL_1991Central Library, BUET Rental section1992-06-06ক-৩2024-12-09
 623.85 BEL/1991 Rental ItemCentral Library, BUET  835662024-12-09  623_850000000000000_BEL_1991Central Library, BUET Rental section1992-06-06ক-৪2024-12-09
 623.85 BEL/1991 Rental ItemCentral Library, BUET  835672024-12-09  623_850000000000000_BEL_1991Central Library, BUET Rental section1992-06-06ক-৫2024-12-09
 623.85 BEL/1991 Rental ItemCentral Library, BUET  835682024-12-09  623_850000000000000_BEL_1991Central Library, BUET Rental section1992-06-06ক-৬2024-12-09
 623.85 BEL/1991 Rental ItemCentral Library, BUET  835692024-12-09  623_850000000000000_BEL_1991Central Library, BUET Rental section1992-06-06ক-৭2024-12-09
 623.85 BEL/1991 Rental ItemCentral Library, BUET  835702024-12-09  623_850000000000000_BEL_1991Central Library, BUET Rental section1992-06-06ক-৮2024-12-09
 623.85 BEL/1991 Rental ItemCentral Library, BUET  835712024-12-09  623_850000000000000_BEL_1991Central Library, BUET Rental section1992-06-06ক-৯2024-12-09
 623.85 BEL/1991 Rental ItemCentral Library, BUET  835722024-12-09  623_850000000000000_BEL_1991Central Library, BUET Rental section1992-06-06ক-১০2024-12-09
 623.85 BEL/1991 Rental ItemCentral Library, BUET  835732024-12-09  623_850000000000000_BEL_1991Central Library, BUET Rental section1992-06-06ক-১১2024-12-09
 623.85 BEL/1991 Rental ItemCentral Library, BUET  835742024-12-09  623_850000000000000_BEL_1991Central Library, BUET Rental section1992-06-06ক-১২2024-12-09
 623.85 BEL/1991 Rental ItemCentral Library, BUET  835752024-12-09  623_850000000000000_BEL_1991Central Library, BUET Rental section1992-06-06ক-১৩2024-12-09
 623.85 BEL/1991 Rental ItemCentral Library, BUET  835762024-12-09  623_850000000000000_BEL_1991Central Library, BUET Rental section1992-06-06ক-১৪2024-12-09
 623.85 BEL/1991 Rental ItemCentral Library, BUET  835772024-12-09  623_850000000000000_BEL_1991Central Library, BUET Rental section1992-06-06ক-১৫2024-12-09